Chemical digest (Record no. 34938)

MARC details
000 -LEADER
fixed length control field 00705nam a22002177a 4500
005 - DATE AND TIME OF LATEST TRANSACTION
control field 20100331115410.0
006 - FIXED-LENGTH DATA ELEMENTS--ADDITIONAL MATERIAL CHARACTERISTICS--GENERAL INFORMATION
fixed length control field a|||||r|||||00| 0
007 - PHYSICAL DESCRIPTION FIXED FIELD--GENERAL INFORMATION
fixed length control field ta
008 - FIXED-LENGTH DATA ELEMENTS--GENERAL INFORMATION
fixed length control field 100331t xxu||||| |||| 00| 0 eng d
022 ## - INTERNATIONAL STANDARD SERIAL NUMBER
International Standard Serial Number 0970-9525
082 ## - DEWEY DECIMAL CLASSIFICATION NUMBER
Classification number 660
245 ## - TITLE STATEMENT
Title Chemical digest
260 ## - PUBLICATION, DISTRIBUTION, ETC. (IMPRINT)
Place of publication, distribution, etc New Delhi
Name of publisher, distributor, etc Small business Publications
Date of publication, distribution, etc 2010-
300 ## - PHYSICAL DESCRIPTION
Extent v.
Dimensions cm.
310 ## - CURRENT PUBLICATION FREQUENCY
Current publication frequency monthly
650 ## - SUBJECT ADDED ENTRY--TOPICAL TERM
Topical term or geographic name as entry element Chemical-Industrial
700 ## - ADDED ENTRY--PERSONAL NAME
Personal name Gupta, R.K., ed
270 ## - ADDRESS
Address 19-A, Ansari Road, Darya Ganj
City New Delhi
Postal code 110002
Telephone number 23284212
Fax number 23243078
Electronic mail address sbpcon@ndf.vsnl.net.in
Public note www.sbpconsultant.com
942 ## - ADDED ENTRY ELEMENTS (KOHA)
Source of classification or shelving scheme Dewey Decimal Classification
Item type Periodicals
Classification part 660
Call number suffix CHE
Serial record 1
Holdings
Withdrawn status Lost status Source of classification or shelving scheme Damaged status Not for loan Collection code Home library Current library Date acquired Total Checkouts Full call number Date last seen Price effective from Koha item type
    Dewey Decimal Classification   Not For Loan Non-fiction D.B.Act.Division D.B.Act.Division 31/03/2010   660 CHE 31/03/2010 31/03/2010 Periodicals

© Delhi Public Library
Hit Counter
free hit counter